00469nam a2200193 a 4500001001300000003000900013005001700022008004100039020001000080082001900090100002000109245000900129260004700138300000900185500003500194505001000229650001600239700002000255nice12345678IN_TiNIC20260116013852.0050524s2000 hyda grp 000 0 urd  ac10000a891.4391bNIS2 aNishat, Jameela aLava aHyderabadbResource Centre for Womenc2000 a108p aincludes index and biblioraphy2 aIndex aUrdu-Poetry1 aNishat, Jameela